000 00727cam a2200193 i 4500
005 20260111120716.0
008 250721s2013 jo gr 000 0 ara d
082 1 4 _a303.43
_bف ا خ
100 1 _aفاخوري، جلال
_eمؤلف.
245 1 0 _aعبقرية التخلف: التحدي والمصير دراسة واقعية وتحليلية /
_cد. جلال فاخوري.
264 3 1 _aعمان :
_bدار يافا العلمية للنشر والتوزيع،
_c2013.
300 _a268 صفحة.
650 1 7 _aالثورات.
650 1 7 _aالبلدان العربية.
650 1 7 _aالتغير الإجتماعي.
650 1 7 _aالتاريخ.
942 _2ddc
_cBK
999 _c125357
_d125357